[Event "Ricany op"]
[Site "Ricany"]
[Date "2012.09.01"]
[Round "8"]
[White "Chudinovskih, Alexander N"]
[Black "Pospisil, Evzen"]
[Result "1-0"]
[WhiteElo "2248"]
[BlackElo "2083"]
[PlyCount "83"]
[EventDate "2012.08.26"]
[EventType "swiss"]
[EventRounds "9"]
[EventCountry "CZE"]
[SourceTitle "CBM 150 Extra"]
[Source "ChessBase"]
[SourceDate "2012.10.19"]
[SourceVersion "1"]
[SourceVersionDate "2012.10.19"]
[SourceQuality "1"]

1. d4 Nf6 2. Bg5 Ne4 3. Bf4 d5 4. e3 e6 5. Bd3 Nf6 6. Nf3 Be7 7. 0-0 Nbd7 8. h3 0-0 9. c4 c6 10. Nc3 a6 11. c5 b5 12. cxb6 c5 13. Bc7 Qe8 14. Ne5 Nxe5 15. dxe5 Nd7 16. f4 c4 17. Bc2 Bc5 18. Rf3 Nxb6 19. f5 Qc6 20. Bxb6 Qxb6 21. Qd2 d4 22. Na4 dxe3 23. Qe2 Qb5 24. f6 g6 25. Nxc5 Qxc5 26. Rxe3 Bb7 27. Kh2 Rfd8 28. Re1 Rd4 29. Rc3 Rad8 30. Qf2 Qd5 31. Re2 Qa5 32. Qe3 Qb4 33. b3 cxb3 34. Rxb3 Qf8 35. Rxb7 Rh4 36. Re7 Rc8 37. Bb3 Qd8 38. Rxe6 fxe6 39. Bxe6+ Kh8 40. Rd2 Qc7 41. Bxc8 Qxc8 42. e6 1-0

[Event "Ricany op"]
[Site "Ricany"]
[Date "2012.08.26"]
[Round "2"]
[White "Pospisil, Evzen"]
[Black "Danilov, Viacheslav"]
[Result "1-0"]
[WhiteElo "2083"]
[BlackElo "1900"]
[PlyCount "91"]
[EventDate "2012.08.26"]
[EventType "swiss"]
[EventRounds "9"]
[EventCountry "CZE"]
[SourceTitle "CBM 150 Extra"]
[Source "ChessBase"]
[SourceDate "2012.10.19"]
[SourceVersion "1"]
[SourceVersionDate "2012.10.19"]
[SourceQuality "1"]

1. d4 d5 2. Nf3 Nf6 3. g3 e6 4. Bg2 c5 5. 0-0 cxd4 6. Nxd4 Nc6 7. c4 Qb6 8. Nxc6 bxc6 9. Nc3 Be7 10. Na4 Qb4 11. cxd5 cxd5 12. Bd2 Qb5 13. Nc3 Qb6 14. e4 dxe4 15. Nxe4 Bb7 16. Qa4+ Kf8 17. Nxf6 Bxf6 18. Qb4+ Qxb4 19. Bxb4+ Kg8 20. Bxb7 Rb8 21. Rac1 g6 22. Rc8+ Kg7 23. Rc7 Bxb2 24. Rd1 Be5 25. Rcd7 Rhe8 26. Bc5 Bf6 27. Bxa7 Rbd8 28. Rxd8 Bxd8 29. Rd7 Ba5 30. a4 g5 31. g4 h6 32. h3 Kg6 33. Bd4 e5 34. Be3 Bc3 35. Rd6+ Kg7 36. Bb6 Re7 37. Be4 Bb4 38. Rd5 Bc3 39. a5 Re6 40. Rc5 Bd4 41. Rc6 Re7 42. a6 Rd7 43. Rc7 Rd6 44. Bxd4 Rxa6 45. Bxe5+ Kf8 46. Bf5 1-0

[Event "Kouty nad Desnou op-A"]
[Site "Kouty nad Desnou"]
[Date "2011.03.19"]
[Round "9"]
[White "Rut, Vojtech"]
[Black "Pospisil, Evzen"]
[Result "1-0"]
[WhiteElo "1953"]
[BlackElo "2113"]
[PlyCount "113"]
[EventDate "2011.03.12"]
[EventType "swiss"]
[EventRounds "9"]
[EventCountry "CZE"]
[SourceTitle "EXT 2014"]
[Source "ChessBase"]
[SourceDate "2013.11.20"]
[SourceVersion "1"]
[SourceVersionDate "2013.11.20"]
[SourceQuality "1"]

1. g3 Nf6 2. Bg2 d5 3. c4 c6 4. Nf3 e6 5. d4 Be7 6. 0-0 0-0 7. Qc2 Nbd7 8. Nbd2 b6 9. e4 dxe4 10. Nxe4 Bb7 11. Rd1 Nxe4 12. Qxe4 Nf6 13. Qe2 Qc8 14. Bf4 Re8 15. Ne5 c5 16. Bxb7 Qxb7 17. dxc5 bxc5 18. Rd3 Rad8 19. Rad1 h6 20. b3 Rxd3 21. Rxd3 Rd8 22. Rxd8+ Bxd8 23. Qd3 Bc7 24. Nd7 Bxf4 25. Nxf6+ gxf6 26. gxf4 Qc7 27. Qe3 f5 28. a3 Qa5 29. Qc1 Kh7 30. b4 Qc7 31. b5 Qa5 32. Qe3 Qa4 33. Qd3 Kg7 34. Kg2 Kf8 35. Qd6+ Ke8 36. Qc6+ Kd8 37. Qxc5 Qd1 38. Qf8+ Kc7 39. Qxf7+ Kd6 40. Qf8+ Kd7 41. Qg7+ Kd6 42. Qg8 Kd7 43. h3 Qe2 44. Qg7+ Kd8 45. Qd4+ Kc8 46. Qc5+ Kb7 47. Qc6+ Kb8 48. c5 Qc4 49. Qe8+ Kc7 50. Qc6+ Kb8 51. b6 axb6 52. Qd6+ Kb7 53. cxb6 Qe4+ 54. Kg3 Qh1 55. Qc7+ Ka6 56. Qa7+ Kb5 57. b7 1-0

[Event "Kouty nad Desnou op-A"]
[Site "Kouty nad Desnou"]
[Date "2011.03.18"]
[Round "8"]
[White "Pospisil, Evzen"]
[Black "Belobrad, Ivan"]
[Result "1/2-1/2"]
[WhiteElo "2113"]
[BlackElo "2011"]
[PlyCount "112"]
[EventDate "2011.03.12"]
[EventType "swiss"]
[EventRounds "9"]
[EventCountry "CZE"]
[SourceTitle "EXT 2014"]
[Source "ChessBase"]
[SourceDate "2013.11.20"]
[SourceVersion "1"]
[SourceVersionDate "2013.11.20"]
[SourceQuality "1"]

1. d4 Nc6 2. Nf3 d6 3. Bf4 Bg4 4. Nbd2 Nxd4 5. Nxd4 e5 6. Be3 exd4 7. Bxd4 c5 8. f3 cxd4 9. fxg4 g6 10. Nf3 Bg7 11. Nxd4 Qb6 12. e3 Qb4+ 13. Qd2 Qxb2 14. Bb5+ Kf8 15. 0-0 Bxd4 16. Rab1 Qc3 17. Qxd4 Qxd4 18. exd4 Ne7 19. Bd7 b6 20. Be6 f5 21. gxf5 gxf5 22. Bxf5 Nxf5 23. Rxf5+ Kg7 24. Rbf1 Rhc8 25. R1f2 Rc4 26. Rg5+ Kh8 27. Rd5 Rd8 28. Rf7 Rxc2 29. Rh5 h6 30. Rxh6+ Kg8 31. Rf3 Rxa2 32. Rg6+ Kh7 33. Rg4 Ra1+ 34. Kf2 Ra2+ 35. Kg3 Rg8 36. Rf7+ Kh8 37. Rxg8+ Kxg8 38. Rd7 Ra3+ 39. Kf4 Ra2 40. g4 Rxh2 41. Rxd6 Ra2 42. Ke5 b5 43. Rd8+ Kf7 44. Rb8 a6 45. d5 Re2+ 46. Kd6 Rg2 47. Rb7+ Ke8 48. Re7+ Kf8 49. Re4 a5 50. Kc5 b4 51. d6 Rc2+ 52. Kb5 Rd2 53. Kxa5 b3 54. Rb4 Rxd6 55. Rxb3 Rd4 56. Rg3 Kf7 1/2-1/2

[Event "Kouty nad Desnou op-A"]
[Site "Kouty nad Desnou"]
[Date "2011.03.16"]
[Round "6"]
[White "Pospisil, Evzen"]
[Black "Stolc, Martin"]
[Result "1-0"]
[WhiteElo "2113"]
[BlackElo "2036"]
[PlyCount "73"]
[EventDate "2011.03.12"]
[EventType "swiss"]
[EventRounds "9"]
[EventCountry "CZE"]
[SourceTitle "EXT 2014"]
[Source "ChessBase"]
[SourceDate "2013.11.20"]
[SourceVersion "1"]
[SourceVersionDate "2013.11.20"]
[SourceQuality "1"]

1. d4 d6 2. Nf3 g6 3. Nc3 Bg7 4. e4 Nc6 5. Be3 e5 6. Bb5 Bd7 7. d5 Nce7 8. Bxd7+ Qxd7 9. 0-0 h6 10. Nd2 f5 11. f3 Nf6 12. a4 a6 13. a5 g5 14. Ra3 Rd8 15. Kh1 0-0 16. Bg1 c6 17. dxc6 bxc6 18. Nc4 Qe6 19. Qe2 Nh5 20. Nb6 d5 21. Qxa6 d4 22. Nca4 Qg6 23. Qc4+ Kh7 24. Nc5 f4 25. Qe6 Rf6 26. Qh3 Bf8 27. Ncd7 Nc8 28. Nxf6+ Nxf6 29. Rb3 g4 30. fxg4 Nxe4 31. Qd3 Ncd6 32. Re1 Bg7 33. a6 Nc5 34. Qxg6+ Kxg6 35. Ra3 Nb5 36. a7 Nxa3 37. bxa3 1-0

[Event "Kouty nad Desnou op-A"]
[Site "Kouty nad Desnou"]
[Date "2011.03.14"]
[Round "3"]
[White "Hajek, Jaroslav"]
[Black "Pospisil, Evzen"]
[Result "1-0"]
[WhiteElo "2011"]
[BlackElo "2113"]
[PlyCount "95"]
[EventDate "2011.03.12"]
[EventType "swiss"]
[EventRounds "9"]
[EventCountry "CZE"]
[SourceTitle "EXT 2014"]
[Source "ChessBase"]
[SourceDate "2013.11.20"]
[SourceVersion "1"]
[SourceVersionDate "2013.11.20"]
[SourceQuality "1"]

1. e4 c5 2. Nc3 d6 3. f4 g6 4. Nf3 Bg7 5. Bb5+ Bd7 6. Bxd7+ Nxd7 7. 0-0 Nh6 8. d3 0-0 9. Bd2 a6 10. Qe2 e6 11. Rae1 b5 12. a4 Qb6 13. b3 c4+ 14. Kh1 cxb3 15. cxb3 Rfc8 16. Rc1 b4 17. Nb1 a5 18. Be3 Qa6 19. Nbd2 Ng4 20. Bg1 Ngf6 21. Nd4 Ne8 22. Nb5 Nb6 23. f5 exf5 24. exf5 Nd5 25. fxg6 hxg6 26. Qf3 Ndf6 27. Ne4 Rxc1 28. Rxc1 Rc8 29. Rf1 d5 30. Ng5 Qb7 31. Bd4 Qd7 32. h3 Rc2 33. Qe3 Qc8 34. Qe7 Rc1 35. Qxf7+ Kh8 36. Rg1 Rxg1+ 37. Bxg1 Qf5 38. Ne6 Bh6 39. Nbd4 Qf1 40. Nf8 Bxf8 41. Qxf8+ Kh7 42. Ne6 Qf5 43. Qf7+ Kh6 44. Be3+ Kh5 45. Nf4+ Kh4 46. Qxg6 Qxg6 47. Nxg6+ Kh5 48. Nf4+ 1-0

[Event "Ricany op"]
[Site "Ricany"]
[Date "2010.08.28"]
[Round "9"]
[White "Pospisil, Evzen"]
[Black "Misicko, Jan"]
[Result "1-0"]
[WhiteElo "2161"]
[BlackElo "2006"]
[PlyCount "75"]
[EventDate "2010.08.21"]
[EventType "swiss"]
[EventRounds "9"]
[EventCountry "CZE"]
[SourceTitle "EXT 2022"]
[Source "ChessBase"]
[SourceDate "2021.10.06"]
[SourceVersion "1"]
[SourceVersionDate "2021.10.06"]
[SourceQuality "1"]

1. d4 Nf6 2. Nf3 g6 3. Nc3 d5 4. Bf4 Bg7 5. Qd2 0-0 6. Bh6 Bg4 7. Bxg7 Kxg7 8. Ne5 Nbd7 9. Nxg4 Nxg4 10. Nxd5 e6 11. Ne3 Nh6 12. g3 f5 13. Bh3 Nf6 14. f3 Qe7 15. 0-0-0 Rfd8 16. Qc3 Nf7 17. d5 e5 18. Bxf5 Nd6 19. Be6 e4 20. g4 Nb5 21. Qe5 Qd6 22. Qg5 Qf8 23. fxe4 h6 24. Qf4 Nd7 25. Qg3 Qd6 26. Bxd7 Rxd7 27. e5 Qc5 28. e6 Re7 29. Qe5+ Kh7 30. Rhf1 Nd6 31. h4 Rae8 32. Rf6 Nf7 33. Qe4 Nh8 34. h5 Kg7 35. Rxg6+ Nxg6 36. Qxg6+ Kh8 37. Nf5 Qf2 38. Qf6+ 1-0

[Event "Ricany op"]
[Site "Ricany"]
[Date "2010.08.25"]
[Round "6"]
[White "Sochorova, Jana"]
[Black "Pospisil, Evzen"]
[Result "0-1"]
[WhiteElo "1919"]
[BlackElo "2161"]
[PlyCount "160"]
[EventDate "2010.08.21"]
[EventType "swiss"]
[EventRounds "9"]
[EventCountry "CZE"]
[SourceTitle "EXT 2022"]
[Source "ChessBase"]
[SourceDate "2021.10.06"]
[SourceVersion "1"]
[SourceVersionDate "2021.10.06"]
[SourceQuality "1"]

1. Nf3 Nf6 2. d4 e6 3. c4 c5 4. e3 b6 5. Nc3 Bb7 6. Be2 Be7 7. 0-0 0-0 8. b3 d6 9. Bb2 Nbd7 10. Rc1 Rc8 11. Qc2 a6 12. Rfd1 Qc7 13. e4 cxd4 14. Nxd4 Rfd8 15. f3 Bf8 16. Bf1 Nc5 17. Qe2 Qb8 18. Qe3 Ncd7 19. Kh1 g6 20. Nc2 Qc7 21. Na4 Ne8 22. Ne1 Nc5 23. Nc3 Bc6 24. Nd3 Bg7 25. Nb4 Bb7 26. Nd3 Rb8 27. Ba1 h5 28. Rc2 Kh7 29. Bb2 Bc6 30. Nb4 Bd7 31. Nd3 b5 32. Nxc5 dxc5 33. Bc1 b4 34. Ne2 Nd6 35. Qf2 Nb7 36. Be3 Be8 37. Rcd2 Rxd2 38. Rxd2 a5 39. Bf4 e5 40. Be3 a4 41. g3 Ra8 42. Nc1 Rc8 43. Bh3 Rd8 44. Rxd8 Qxd8 45. Qd2 Qxd2 46. Bxd2 Na5 47. Be3 Bf8 48. Kg1 Bh6 49. Kf2 Bxe3+ 50. Kxe3 Kg7 51. Kd3 Kf6 52. Kc2 Ke7 53. Nd3 Kd6 54. Bc8 Nc6 55. f4 Nd4+ 56. Kb2 f6 57. Bh3 a3+ 58. Kb1 Bc6 59. fxe5+ fxe5 60. Nf2 Ne2 61. Bg2 Nc3+ 62. Kc2 Bd7 63. Nd1 Nxa2 64. Bf3 Bg4 65. Bxg4 hxg4 66. Kd2 Kc6 67. Kc2 Kb6 68. Ne3 Nc3 69. Nxg4 Nxe4 70. Nxe5 g5 71. h4 gxh4 72. gxh4 Nf6 73. Nd3 Nh5 74. Kb1 Kc6 75. Kc2 Kd6 76. Kb1 Nf6 77. Kc2 Ne4 78. h5 Ke6 79. Nf4+ Kf7 80. h6 Kg8 0-1

[Event "Ricany op"]
[Site "Ricany"]
[Date "2010.08.22"]
[Round "2"]
[White "Hampel, Rudolf"]
[Black "Pospisil, Evzen"]
[Result "0-1"]
[WhiteElo "1800"]
[BlackElo "2161"]
[PlyCount "110"]
[EventDate "2010.08.21"]
[EventType "swiss"]
[EventRounds "9"]
[EventCountry "CZE"]
[SourceTitle "EXT 2022"]
[Source "ChessBase"]
[SourceDate "2021.10.06"]
[SourceVersion "1"]
[SourceVersionDate "2021.10.06"]
[SourceQuality "1"]

1. e4 c5 2. Nc3 d6 3. g3 Nc6 4. Bg2 g6 5. Nge2 Bg7 6. 0-0 e6 7. d3 Nge7 8. Be3 Nd4 9. Qd2 0-0 10. Rac1 Re8 11. Nd1 Nec6 12. c3 Nxe2+ 13. Qxe2 Qa5 14. b3 Bd7 15. f4 Rac8 16. Qd2 b5 17. Nf2 b4 18. c4 Bc3 19. Qe2 Nd4 20. Bxd4 Bxd4 21. Kh1 Qc7 22. Ng4 h5 23. Ne3 a5 24. Qd2 a4 25. g4 Bxe3 26. Qxe3 hxg4 27. Qg3 Kg7 28. Qxg4 f5 29. Qg3 Rh8 30. h3 Bc6 31. Kg1 Kf7 32. Rce1 Qe7 33. Qe3 Qf6 34. exf5 gxf5 35. Bxc6 Rxc6 36. Rf3 Rcc8 37. Kh2 Rcg8 38. Qe2 a3 39. Qf2 Rg6 40. Rg1 Rhg8 41. Rxg6 Rxg6 42. Re3 Qd4 43. Qe2 Qxf4+ 44. Kh1 e5 45. Rf3 Qg5 46. Rf1 f4 47. Qf3 Qg3 48. Qd5+ Ke7 49. Qb7+ Kf6 50. Qf3 Qxf3+ 51. Rxf3 Ke6 52. Kh2 d5 53. h4 dxc4 54. dxc4 Kf5 55. Rd3 Ke4 0-1

[Event "Ricany op"]
[Site "Ricany"]
[Date "2010.08.21"]
[Round "1"]
[White "Pospisil, Evzen"]
[Black "Suchomel, Ales"]
[Result "1/2-1/2"]
[WhiteElo "2161"]
[BlackElo "1926"]
[PlyCount "61"]
[EventDate "2010.08.21"]
[EventType "swiss"]
[EventRounds "9"]
[EventCountry "CZE"]
[SourceTitle "EXT 2022"]
[Source "ChessBase"]
[SourceDate "2021.10.06"]
[SourceVersion "1"]
[SourceVersionDate "2021.10.06"]
[SourceQuality "1"]

1. d4 Nf6 2. Nf3 g6 3. Nc3 d5 4. Bf4 Bg7 5. Qd2 0-0 6. Bh6 Nbd7 7. Bxg7 Kxg7 8. 0-0-0 b6 9. Ne5 Bb7 10. f3 c5 11. g4 e6 12. g5 Ng8 13. Nxd7 Qxd7 14. h4 Ne7 15. Qf4 Rg8 16. dxc5 bxc5 17. Ne4 Qc6 18. Nd6 Nf5 19. Qe5+ Kf8 20. Nxf5 exf5 21. Qf4 Qe6 22. Bg2 Re8 23. Rd2 d4 24. b3 Qe5 25. Qxe5 Rxe5 26. Rhd1 Re7 27. Bf1 Kg7 28. c3 dxc3 29. Rd3 Rge8 30. Rxc3 Ba6 31. Rd2 1/2-1/2

[Event "Kouty nad Desnou op-A"]
[Site "Kouty nad Desnou"]
[Date "2010.03.12"]
[Round "8"]
[White "Pospisil, Evzen"]
[Black "Vanka, Miloslav"]
[Result "1/2-1/2"]
[WhiteElo "2196"]
[BlackElo "2156"]
[PlyCount "177"]
[EventDate "2010.03.06"]
[EventType "swiss"]
[EventRounds "9"]
[EventCountry "CZE"]
[SourceTitle "CBM 135 Extra"]
[Source "ChessBase"]
[SourceDate "2010.05.04"]
[SourceVersion "1"]
[SourceVersionDate "2010.05.04"]
[SourceQuality "1"]

1. d4 Nf6 2. Nf3 e6 3. Bf4 b6 4. e3 Bb7 5. Be2 Be7 6. h3 c5 7. 0-0 0-0 8. c4 cxd4 9. Nxd4 a6 10. Nc3 d6 11. Bh2 Nbd7 12. Bf3 Qc7 13. Rc1 Rac8 14. b3 Rfd8 15. Bxb7 Qxb7 16. Qf3 Qxf3 17. gxf3 Bf8 18. Rfd1 Rc5 19. Nde2 Rc6 20. Rd2 Nc5 21. Rcd1 Nb7 22. Na4 Nd7 23. Nec3 Ndc5 24. Nxc5 Nxc5 25. e4 Nb7 26. Rd3 Rdc8 27. Ne2 Rc5 28. Bf4 b5 29. cxb5 axb5 30. Be3 Rc2 31. Nd4 Rxa2 32. Nxb5 Ra5 33. Nd4 e5 34. Ne2 Rb5 35. Nc1 g6 36. Kg2 Rc2 37. R3d2 Rc6 38. Rd5 Rxd5 39. Rxd5 f5 40. Nd3 Rc3 41. b4 f4 42. Bb6 Kf7 43. b5 Rb3 44. Bc7 Ke6 45. Bb8 Be7 46. Ba7 Bd8 47. b6 Bxb6 48. Bxb6 Rxb6 49. h4 Rb3 50. Nc1 Rb1 51. Nd3 Kf6 52. Kh2 Kg7 53. Kg2 Kf6 54. Kh2 h6 55. Kg2 g5 56. hxg5+ hxg5 57. Kh2 Ke6 58. Kg2 Rb3 59. Nc1 Rc3 60. Nd3 Nd8 61. Nxe5 Rc5 62. Rxc5 dxc5 63. Nc4 Nc6 64. Kh3 Kf6 65. Kg2 Ke6 66. Kh3 Nd4 67. Kg4 Kf6 68. e5+ Kg6 69. Nd2 Nc6 70. Nc4 Ne7 71. Nd6 Ng8 72. Kh3 Nh6 73. Kg2 Nf5 74. Ne4 c4 75. Nc3 Nd4 76. Ne4 Ne6 77. Kf1 Kg7 78. Nd6 c3 79. Ke2 Nd4+ 80. Kd3 c2 81. Kd2 Nxf3+ 82. Kxc2 Nxe5 83. Kd2 Kg6 84. Ke2 g4 85. Kf1 Kh5 86. Kg2 Nd3 87. Nf5 Kg5 88. Nd4 Nc5 89. f3 1/2-1/2